LEADER 01537oam 2200469 450 001 9910713803703321 005 20201210160803.0 035 $a(CKB)5470000002505620 035 $a(OCoLC)1196205244$z(OCoLC)1200462346 035 $a(EXLCZ)995470000002505620 100 $a20200918d1982 ua 0 101 0 $aeng 135 $aurbn||||||||| 181 $ctxt$2rdacontent 182 $cc$2rdamedia 183 $acr$2rdacarrier 200 00$aContamination of reactor coolant system by organic cleaning solvents 210 1$aWashington, D.C. :$cUnited States Nuclear Regulatory Commission, Office of Inspection and Enforcement,$d1982. 215 $a1 online resource 225 1 $aInformation notice ;$v82-32 300 $a"August 19, 1982." 606 $aNuclear reactors$xCooling 606 $aTrichloroethane 606 $aCleaning compounds 606 $aCleaning compounds$2fast 606 $aNuclear reactors$xCooling$2fast 606 $aTrichloroethane$2fast 615 0$aNuclear reactors$xCooling. 615 0$aTrichloroethane. 615 0$aCleaning compounds. 615 7$aCleaning compounds. 615 7$aNuclear reactors$xCooling. 615 7$aTrichloroethane. 712 02$aU.S. Nuclear Regulatory Commission.$bOffice of Inspection and Enforcement, 801 0$bGPO 801 1$bGPO 801 2$bOCLCF 801 2$bGPO 906 $aBOOK 912 $a9910713803703321 996 $aContamination of reactor coolant system by organic cleaning solvents$93317891 997 $aUNINA LEADER 02850nam 2200613 a 450 001 9910791343803321 005 20230725015503.0 010 $a0-643-10193-4 010 $a1-283-15623-7 010 $a9786613156235 010 $a0-643-10012-1 035 $a(CKB)2560000000011891 035 $a(EBL)542587 035 $a(OCoLC)645097498 035 $a(SSID)ssj0000419088 035 $a(PQKBManifestationID)12110711 035 $a(PQKBTitleCode)TC0000419088 035 $a(PQKBWorkID)10381615 035 $a(PQKB)10620911 035 $a(Au-PeEL)EBL542587 035 $a(CaPaEBR)ebr10620376 035 $a(CaONFJC)MIL315623 035 $a(MiAaPQ)EBC542587 035 $a(EXLCZ)992560000000011891 100 $a20100623d2010 ua 0 101 0 $aeng 135 $aur|n|---||||| 181 $ctxt 182 $cc 183 $acr 200 12$aA guide to the beetles of Australia$b[electronic resource] /$fGeorge Hangay and Paul Zborowski 210 $aCollingwood, Vic. $cCSIRO Pub.$dc2010 215 $a1 online resource (249 p.) 300 $aDescription based upon print version of record. 311 $a0-643-09487-3 320 $aIncludes bibliographical references and indexes. 327 $acOVER; Preface; Contents; Acknowledgements; Introduction; What makes a beetle?; Anatomy; Reproduction and development; Food and survival; Higher taxonomy; Family descriptions; Cupedidae Reticulated beetles; Ommatidae Ommatid beetles; Sphaeriusidae Minute bog beetles; Gyrinidae Whirligig beetles; Haliplidae Crawling water beetles; Noteridae Burrowing water beetles; Hygrobiidae Screech beetles; Dytiscidae Predaceous diving beetles; Rhysodidae Wrinkled bark beetles; Carabidae Ground beetles; Hydrophilidae Water scavenger beetles; Histeridae Hister beetles; Hydraenidae Minute moss beetles 327 $aPtiliidae Feather-winged beetlesLeiodidae Small fungus beetles; Scydmaenidae Minute ant-like beetles; Silphidae Carrion or burial beetles; Staphylinidae Rove beetles; Lucanidae Stag beetles; Passalidae Passalid or bess beetles; Trogidae Hide beetles; Bolboceratidae Bolboceratid beetles; Hybosoridae Scavenger scarab beetles; Scarabaeidae Scarab beetles; Endnotes; Glossary; Index of common names; Index of scientific names 330 $aA well-illustrated guide that provides a fascinating introduction to this huge and diverse group of insects. 606 $aBeetles$zAustralia 606 $aBeetles$zAustralia$vIdentification 615 0$aBeetles 615 0$aBeetles 676 $a595 676 $a595.760994 700 $aHangay$b George$01534525 701 $aZborowski$b Paul$01534526 801 0$bMiAaPQ 801 1$bMiAaPQ 801 2$bMiAaPQ 906 $aBOOK 912 $a9910791343803321 996 $aA guide to the beetles of Australia$93782185 997 $aUNINA